000 01337cam a2200325 a 4500
001 11914237
003 OSt
005 20140310182259.0
008 000216s2000 nyu c 000 1 eng
010 _a 00024186
020 _a0439120411 (alk. paper)
040 _aDLC
_cDLC
_dDLC
042 _alcac
050 0 0 _aPZ 7
_b.R9553Es 2000
082 0 0 _aFIC R95e
_b2000
100 1 _aRyan, Pam Muñoz.
_96034
245 1 0 _aEsperanza rising /
_cPam Muñoz Ryan.
250 _a1st ed.
260 _aNew York :
_bScholastic Press,
_c2000.
300 _a262 p. ;
_c22 cm.
520 _aEsperanza and her mother are forced to leave their life of wealth and privilege in Mexico to go work in the labor camps of Southern California, where they must adapt to the harsh circumstances facing Mexican farm workers on the eve of the Great Depression.
650 0 _aMexican Americans
_zCalifornia
_vJuvenile fiction.
_920528
650 1 _aMexican Americans
_zCalifornia
_vFiction.
_920529
650 1 _aAgricultural laborers
_vFiction.
_920530
651 1 _aCalifornia
_vFiction.
_920531
906 _a7
_bcbc
_corignew
_d1
_eocip
_f20
_gy-gencatlg
942 _2lcc
_cBK-FIC
999 _c11535
_d11535